<?xml version="1.0" encoding="UTF-8"?>
<collection xmlns="http://www.loc.gov/MARC21/slim">
  <record>
    <leader>00000nam  2200000   4500</leader>
    <controlfield tag="001">INLIS000000000018854</controlfield>
    <controlfield tag="005">20241224101707</controlfield>
    <datafield tag="035" ind1="#" ind2="#">
      <subfield code="a">0010-1224000225</subfield>
    </datafield>
    <controlfield tag="007">ta</controlfield>
    <controlfield tag="008">241224################g##########0#ind##</controlfield>
    <datafield tag="020" ind1="#" ind2="#">
      <subfield code="a">979 518 860 7</subfield>
    </datafield>
    <datafield tag="082" ind1="#" ind2="#">
      <subfield code="a">959.8</subfield>
    </datafield>
    <datafield tag="084" ind1="#" ind2="#">
      <subfield code="a">959.8 SUD a</subfield>
    </datafield>
    <datafield tag="100" ind1=" " ind2="#">
      <subfield code="a">Sudiyo</subfield>
    </datafield>
    <datafield tag="245" ind1="1" ind2="#">
      <subfield code="a">Arus Perjuangan Pemuda Dari Masa ke Masa :</subfield>
      <subfield code="b">Buku Acuan untuk Siswa Sekolah Menengah Umum /</subfield>
      <subfield code="c">Sudiyo</subfield>
    </datafield>
    <datafield tag="250" ind1="#" ind2="#">
      <subfield code="a">Cetakan ke 1</subfield>
    </datafield>
    <datafield tag="260" ind1="#" ind2="#">
      <subfield code="a">Jakarta :</subfield>
      <subfield code="b">Rineka Cipta,</subfield>
      <subfield code="c">2003</subfield>
    </datafield>
    <datafield tag="300" ind1="#" ind2="#">
      <subfield code="a">217 halama4 :</subfield>
      <subfield code="b">ilus ;</subfield>
      <subfield code="c">20,5 cm</subfield>
    </datafield>
    <datafield tag="650" ind1="#" ind2="4">
      <subfield code="a">Perjuangan Pemuda</subfield>
    </datafield>
    <datafield tag="520" ind1="#" ind2="#">
      <subfield code="a">Pada saat ini, sangat terasa adanya gangguan, ancaman, hambatan, dan tantangan- yang dihadapi oleh bangsa Indonesia, terutama masalah isu disintegrasi yang mengancam perpecahan Negara Kesatuan Republik Indonesia.&#13;
&#13;
Hal tersebut hanya dapat ditanggulangi melalui pemantapan rasa nasionalime dan patriotisme bagi rakyat Indonesia. Kecintaan tanah air dan bangsa Indonesia harus digalakkan. Pengertian persatuan dan kesatuan harus dirumuskan, sehingga tidak hanya menjadi slogan kosong, karena tidak direalisasikan secara konkret dalam kehidupan sehari-hari di kalangan masyarakat. Rasa kebersamaan dan rasa tanggung jawab bela negara, juga perlu dipertegas, sehingga tidak memberi peluang kepada kelompok-kelompokyang menginginkan perpecahan Negara Kesatuan Republik Indonesia (NKRI). Pemahaman dan belajar dari sejarah perjuangan bangsa Indonesia perlu terus dibina dan dikembangkan, sehingga bagi generasi muda tidak merasa bosan atau alergi untuk mempelajarisejarah bangsanya sendiri.</subfield>
    </datafield>
    <datafield tag="990" ind1="#" ind2="#">
      <subfield code="a">'06039816</subfield>
    </datafield>
    <datafield tag="990" ind1="#" ind2="#">
      <subfield code="a">'06039817</subfield>
    </datafield>
    <datafield tag="990" ind1="#" ind2="#">
      <subfield code="a">06039815</subfield>
    </datafield>
  </record>
</collection>
